• 首页
  • 本馆介绍
  • 公告通知
  • 最新文献
  • 馆藏检索
  • 电子资源
  • 读者导购
  • 参考咨询
  • 我的图书馆
  • 登录
  • 详细信息显示
  • 放入我的书架
  • 预约/预借图书
  • 作者相关作品
  • 分类相关作品
  • 丛书相关作品
  • 出版社相关作品

书目信息

  • 表格格式
  • 工作单格式
  • 卡片格式
题名:
雅线意彩
    
 
作者: 王晓丹 著
分册:  
出版信息: 青岛   青岛出版社  2016
页数: 319页
开本: 21cm
丛书名: 兰阇文丛
单 册:
中图分类: K825.72
科图分类:
主题词: 画家--生平事迹--中国--现代
电子资源:
ISBN: 978-7-5552-3378-7
000 00861oam2 2200265 45
001 012001005174
005 20141007181853.0
010    @a978-7-5552-3378-7@dCNY48.00
100    @a20170524d2016 em y0chiy50 ea
101 0  @achi
102    @aCN@b370000
105    @aa z 000yb
106    @ar
200 1  @a雅线意彩@9ya xian yi cai@f王晓丹著
210    @a青岛@c青岛出版社@d2016
215    @a319页@c图,照片@d21cm
225 1  @a兰阇文丛@i开卷书坊@f董宁文主编
330    @a本书描述了董欣宾的生平事迹,涵盖了神秘机缘、大师之死、奇遇董欣宾、《天地居赋》、美玉奇谈、董氏绘画、论董氏绘画、大师的胸怀等内容。
461  0 @12001 @a兰阇文丛
462  0 @12001 @a开卷书坊
606 0  @a画家@x生平事迹@y中国@z现代
690    @aK825.72@v5
701  0 @a王晓丹@9wang xiao dan@c(文学)@4著
801  0 @aCN@b上海新华@c20180901
905    @b1172993-7@dK825.72@e1218@f5
    
    雅线意彩/王晓丹著.-青岛:青岛出版社,2016
    319页:图,照片;21cm.-(兰阇文丛.开卷书坊/董宁文主编)
    
    
    ISBN 978-7-5552-3378-7:CNY48.00
    本书描述了董欣宾的生平事迹,涵盖了神秘机缘、大师之死、奇遇董欣宾、《天地居赋》、美玉奇谈、董氏绘画、论董氏绘画、大师的胸怀等内容。
●
相关链接 在E读中查询图书 在五车中查询图书 在当当中查询图书 在豆瓣中查询图书


正题名:雅线意彩     索取号:K825.72/1218         预约/预借

序号 登录号 条形码 馆藏地/架位号 状态 备注
1 1172993   211729931   第二样本阅览室/ [索取号:K825.72/1218] 在馆    
2 1172994   211729940   第二借阅区/ [索取号:K825.72/1218] 在馆    
3 1172995   211729959   第二借阅区/ [索取号:K825.72/1218] 在馆    
4 1172996   211729968   第二借阅区/ [索取号:K825.72/1218] 在馆    
5 1172997   211729977   密集书库-史法系/ [索取号:K825.72/1218] 在馆    
唐山师范学院图书馆 欢迎您!
大连网信软件有限公司© 版权所有